| 000 | 00510cam a2200193ua 4500 | ||
|---|---|---|---|
| 003 | OSt | ||
| 008 | 250108b |||||||| |||| 00| 0 eng d | ||
| 020 | _a81-7808-244-6 | ||
| 041 | _aeng | ||
| 082 |
_a621.3822 _bOPP/DI |
||
| 100 |
_aOppenheim, Alan V . _96844 |
||
| 245 | _aDiscrete time signal processing / | ||
| 250 | _a2 / | ||
| 260 |
_a : _bPearson Education Signal Processing , _c2002. |
||
| 300 | _a870 ; . | ||
| 700 | 1 |
_aBuck, John R. _96845 |
|
| 700 | 1 |
_aSchaffer, Ronald W . _96846 |
|
| 942 | _cBK | ||
| 999 |
_c5633 _d5633 |
||